000 01143cam a2200289Mi 4500
005 20181123085911.0
008 160830s2001 mx d fr 001 0 spa d
020 _a9688594423
020 _a9789688594421
035 _a(OCoLC)49760228
040 _aCO-BoUCM
_bspa
_cSandra Palacio
_dSandra Palacio
041 0 _aspa
100 1 _aDelgado Fresán, Araceli
_979447
245 1 0 _aFormación valoral a nivel universitario
_cAraceli Delgado Fresán
260 _aMéxico D.F. México
_bUniversidad Iberoamericana
_c2001
300 _a218 páginas
_bTablas
504 _aIncluye referencias bibliográficas e índices
650 7 _aValores
_xEstudio y enseñanza
_xEducación superior
_979448
650 7 _aMoral
_xEstudio y enseñanza
_xEducación superior
_919752
650 7 _aValores (Filosofía)
_xEducación superior
_979449
650 7 _aEducación Moral
_xEducación superior
_979450
650 7 _aEducación moral
_xEducación superior
_979450
650 7 _aEducación superior
_xValores
_979451
690 _aEducación superior
_9177
942 _2DEWEY
_cLIBRO
_a10
_e1
_h378.014
_mD352fv
999 _c304278
_d304278